• 首页
  • 本馆介绍
  • 公告通知
  • 最新文献
  • 馆藏检索
  • 电子资源
  • 读者导购
  • 参考咨询
  • 我的图书馆
  • 登录
  • 详细信息显示
  • 放入我的书架
  • 预约/预借图书
  • 作者相关作品
  • 分类相关作品
  • 丛书相关作品
  • 出版社相关作品

书目信息

  • 表格格式
  • 工作单格式
  • 卡片格式
题名:
20世纪帕萨卡里亚研究
    
 
作者: 徐孟东 著
分册:  
出版信息: 北京   人民音乐出版社  2003
页数: 235页
开本: 21cm
丛书名:
单 册:
中图分类: J655.8
科图分类:
主题词: 帕萨卡里亚--研究--20世纪 , 帕萨卡里亚
电子资源:
ISBN: 7-103-02589-4
000 00752nam0 2200229 450
001 002404404
005 20070806180839.59
010    @a7-103-02589-4@dCNY13.30
100    @a20030707d2003 emky0chiy0110 ea
101 0  @achi@deng
102    @aCN@b110000
105    @ag z 000yy
200 1  @a20世纪帕萨卡里亚研究@920 shi ji pa sa ka li ya yan jiu@f徐孟东著
210    @a北京@c人民音乐出版社@d2003
215    @a235页@d21cm
330    @a本书对20世纪帕萨卡里亚作品的固定低音主题及其在持续变奏中的循环反复陈述方式、对位形态、和声构成、管弦乐织体等作了论述。
606 0  @a帕萨卡里亚@x研究@z20世纪
606 0  @a帕萨卡里亚
690    @aJ655.8@v4
701  0 @a徐孟东@9xu meng dong@c(教授)@4著
801  0 @aCN@bNLC@c20070806
905    @a10447@dJ655.8@e444
    
    20世纪帕萨卡里亚研究/徐孟东著.-北京:人民音乐出版社,2003
    235页;21cm
    
    
    ISBN 7-103-02589-4:CNY13.30
    本书对20世纪帕萨卡里亚作品的固定低音主题及其在持续变奏中的循环反复陈述方式、对位形态、和声构成、管弦乐织体等作了论述。
●
相关链接 在E读中查询图书 在五车中查询图书 在当当中查询图书 在豆瓣中查询图书


正题名:20世纪帕萨卡里亚研究     索取号:J655.8/444         预约/预借

序号 登录号 条形码 馆藏地/架位号 状态 备注
1 0804841   208048414   第一样本阅览室/ [索取号:J655.8/444] 在馆    
2 0804842   208048423   第一借阅区/ [索取号:J655.8/444] 在馆    
3 0804843   208048432   第一借阅区/ [索取号:J655.8/444] 在馆    
4 0804844   208048441   第一借阅区/ [索取号:J655.8/444] 在馆    
5 0804845   208048450   密集书库-音乐系/ [索取号:J655.8/444] 在馆    
唐山师范学院图书馆 欢迎您!
大连网信软件有限公司© 版权所有